Detalles MARC
| 000 -ENCABEZADO |
| Número de control [NR] |
02886nam a2200289Ia 4500 |
| 005 - FECHA Y HORA DE LA ÚLTIMA TRANSACCIÓN |
| control field |
20140410171933.0 |
| 008 - DE LONGITUD FIJA DE DATOS DE ELEMENTOS - INFORMACIÓN GENERAL |
| Elementos de longitud fija [NR] |
130821s2004 xxua gs spa |
| 040 ## - FUENTE DE CATALOGACION [NR] |
| Agencia de catalogación original [NR] |
Co-BoUCM |
| Idioma de catalogación [NR] |
spa |
| 041 00 - CODIGO DE IDIOMA [R] |
| Código de idioma para texto/pista de sonido o título separado [R] |
Español |
| 092 ## - SIGNATURA TOPOGRAFICA LOCAL |
| Número de clasificación local |
DVD 0281 |
| 245 10 - MENCION DE TITULO [NR] |
| Título [NR] |
Furia en dos ruedas |
| Mención de responsabilidad, etc. [NR] |
[DVD] |
| -- |
[dirigida por] Joseph Kahn |
| 260 ## - PUBLICACION, DISTRIBUCION, ETC. (PIE DE IMPRENTA) [R] |
| Lugar de publicación, distribución, etc. [R] |
Washington D.C. (Estados Unidos) |
| Nombre del editor, distribuidor, etc. [R] |
Warner Bros Pictures, Village Roadshow Pictures |
| Fecha de publicación, distribución, etc. [R] |
2004 |
| 300 ## - DESCRIPCION FISICA [R] |
| Extensión [R] |
1 DVD |
| Otros detalles físicos [NR] |
son., color |
| 500 ## - NOTA GENERAL [R] |
| Nota general [NR] |
SINOPSIS : Furia en dos ruedas" es la primera película importante de motocicletas desde 1969, cuando "Easy Rider" capturó la imaginación de los jóvenes de la época. Es posible que esta nueva producción cinematográfica sea catalogada como la "Extreme Rider" de nuestra generación, porque es para los motociclistas de ahora que aman vivir a toda velocidad y al filo del peligro. El motociclista Cary Ford ha regresado a su pueblo natal para reunirse con su novia Shane y encargarse de un pequeño asunto no resuelto. Cuando se marchó del pueblo hace varios meses, Ford se llevó varias motocicletas que le pertenecían a Henry, un inescrupuloso traficante de drogas y líder de la pandilla de motociclistas Hellions. Ahora Henry está presionando a Ford con la intención de recuperar sus motos, que tienen algo un poquito más valioso que combustible en sus tanques. Cuando Ford se muestra poco dispuesto a cooperar, Henry lo hace aparecer como el asesino de Junior, el hermano menor de Trey, el temerario líder de la pandilla de motociclistas Reapers. Con la ayuda de sus leales compañeros, Dalton y Val, Ford debe huir del agente de un agente del FBI, que lo viene persiguiendo, mientras también evita al mal informado Trey, que busca furiosamente vengarse, y al insensible Henry, que hará cualquier cosa por recuperar lo que le pertenece. Cruzando el desierto a toda velocidad en un intento peligroso de probar su inocencia y convencer a Shane de que vale la pena darle una segunda oportunidad, Ford debe correr más rápido que sus enemigos si desea recuperar su buena reputación y vivir para seguir montando en motocicleta. |
| 508 ## - NOTA DE CREDITOS DE CREACION/PRODUCCION [R] |
| Nota de créditos de creación/producción [NR] |
Director,, Joseph Kahn; Guión, Matt Jonson; Música, Trevor Rabin; Fotografía, Howard E. Smith y David Blackburn. |
| 511 ## - NOTA DE PARTICIPANTE O INTERPRETE [R] |
| Nota de participante o intérprete [NR] |
Martin Henderson, Ice Cube, Monet Mazur, Jay Hernandez, Adam Scott, Matt Schulze, Jaime Pressly, Will Yun Lee. |
| 546 ## - NOTA DE IDIOMA [R] |
| Nota de idioma [NR] |
Audio en Inglés, Español y Portugués. Subtítulos en Español, Inglés y Portugués. |
| 650 04 - ASIENTO SECUNDARIO DE MATERIA - TERMINO TEMATICO [R] |
| Término temático o nombre geográfico como elemento de entrada [NR] |
Entretenimiento |
| 9 (RLIN) |
26487 |
| 650 04 - ASIENTO SECUNDARIO DE MATERIA - TERMINO TEMATICO [R] |
| Término temático o nombre geográfico como elemento de entrada [NR] |
Películas cinematográficas |
| Subdivisión geográfica [R] |
Estados Unidos |
| Subdivisión de forma [R] |
DVD |
| 9 (RLIN) |
7903 |
| 650 04 - ASIENTO SECUNDARIO DE MATERIA - TERMINO TEMATICO [R] |
| Término temático o nombre geográfico como elemento de entrada [NR] |
Películas de aventuras |
| Subdivisión de forma [R] |
DVD |
| 9 (RLIN) |
21236 |
| 700 1# - ASIENTO SECUNDARIO - NOMBRE PERSONAL [R] |
| Nombre personal [NR] |
Kahn, Joseph |
| Término de relación [R] |
|
| 710 2# - ASIENTO SECUNDARIO - NOMBRE CORPORATIVO [R] |
| Nombre corporativo o de jurisdicción como elemento de entrada [NR] |
Village Roadshow Pictures |
| 710 2# - ASIENTO SECUNDARIO - NOMBRE CORPORATIVO [R] |
| Nombre corporativo o de jurisdicción como elemento de entrada [NR] |
Warner Bros. Pictures |
| 765 ## - ASIENTO DE IDIOMA ORIGINAL [R] |
| Título [NR] |
Torque |
| 856 04 - LOCALIZACION Y ACCESO ELECTRONICOS [R] |
| Identificador Uniforme del Recurso (“URI”) [R] |
<a href="https://www.youtube.com/watch?v=LDdFc4Y5yMI">https://www.youtube.com/watch?v=LDdFc4Y5yMI</a> |
| Nota dirigida al público [R] |
Siga este vínculo para ver el trailer. |
| 942 ## - ELEMENTOS DE ENTRADA AGREGADOS (KOHA) |
| Tipo de ítem principal el descrito en 300a |
Multimedia |
| Sistema de clasificación |
LOCAL |
| Tema principal |
Entretenimiento |
| Edición |
1 |